| 000 | 00423nam a2200181 a 4500 | ||
|---|---|---|---|
| 001 | 1689 | ||
| 005 | 20140414131911.0 | ||
| 008 | 001110s19uu xx 00 eng d | ||
| 020 | _a | ||
| 050 |
_aER _bB56 1994 |
||
| 100 | _aSewell, Anna | ||
| 245 | _aBlack Beauty /. | ||
| 260 |
_aNew York : _bThe Book Company, _c1995. |
||
| 440 | _a | ||
| 650 | _aHorse - Fiction. | ||
| 650 | _aHorse - Stories. | ||
| 999 |
_c111227 _d111227 |
||